Theological-moral justification for the respect of life in the context of tertio millennio

Bibliographic Details
Main Author: Balák, René, 1967-2021 (Author)
Format: Article
Language:English
ISSN:1335-1885
Subjects:

MARC

LEADER 00000nab a2200000 a 4500
001 vtls001495656
003 SK-MaSNL
005 20260319070424.0
008 141112c2001 xo g 0 eng
015 |a SNBCL2005/2 
040 |a SLKCL  |b slo  |c SNKBUCL  |e AACR2 
041 |a eng 
044 |a xo  |c SK 
080 |a 141.4:17.022.1:342.721  |2 1981 
100 1 |a Balák, René,  |d 1967-2021  |4 aut  |9 211518 
245 1 0 |a Theological-moral justification for the respect of life in the context of tertio millennio  |c René Balák 
650 0 7 |a teológia  |x výchova a vzdelávanie  |2 MESH  |9 1074737 
650 0 7 |a zásady morálne  |2 MESH  |9 1074738 
650 0 7 |a hodnota života  |2 MESH  |9 621551 
650 0 7 |a kultúrna evolúcia  |2 MESH  |9 893 
650 0 7 |a analýza etická  |x metódy  |2 MESH  |9 1074739 
773 0 |t Journal of health management and public health  |g Vol. 5, no. 3-4 (2001), s. 7-14  |x 1335-1885 
850 |a Slovenská lekárska knižnica v Bratislave  |a BA006 
852 |a BA006  |b KIS3GCP  |b 000500000 
999 |c 1767331  |d 1769261